Especies de camélidos - Estadísticas

Estadísticas generales
  • Esta prueba ha sido intentada 10 veces
  • La puntuación promedio es 6 de 7
Estadísticas de respuestas
Tribu Género Especie Nombre % Correcto
Ferus Camello salvaje
100%
Camelini Camelus Dromedarius Dromedario
88%
Lamini Lama Glama Llama
88%
Vicugna Vicuña
88%
Vicugna Pacos Alpaca
75%
Bactrianus Camello bactriano
75%
Guanicoe Guanaco
63%
No se encontraron pruebas coincidentes
Distribución de puntuación
Porcentaje de gente con cada puntuación
Porcentaje por número respondido
Historial de tus puntuaciones
No has intentado esta prueba.